000 00971cam a2200241 i 4500
003 SA-RiAUC
005 20251022082520.0
008 251008s1992 ||| g 00000 ara c
040 _aSA-JeALM
_bara
_cSA-RiAUC
_erda
082 0 4 _a251
090 _a251
_bس ل ا
100 1 _aسلامة، مصطفى بن محمد،
_d1954-
_eمؤلف.
245 1 2 _aالتأسيس في أصول الفقه على ضوء الكتاب والسنة /
_cتأليف أبي إسلام مصطفى بن محمد بن سلامة.
264 1 _aميت عقبة - مصر :
_bمكتبة خالد بن الوليد،
_c( 1988 )
300 _a2 جزء في 1 مجلد ؛
_c24 سم
336 _aنص
_btxt
_2rdacontent
_3كتاب
337 _aبدون وسيط
_bn
_2rdamedia
338 _aمجلد
_bnc
_2rdacarrier
650 7 _aأصول الفقه الإسلامي
_2aucsh
650 7 _aالفقه الإسلامي
_2aucsh
942 _2ddc
_cBOOK
_n0
949 _aSA-JeALM
_d251008
_uosman123
_n1
999 _c12706
_d12706